000 00603nam a2200169 a 4500
001 000045657
005 20201002052354.0
008 150422s1980 mx a 000 0 spa d
020 _a9682601770
040 _aDO-SdBNP
_bspa
_cBNPHU
082 _axxxx
_bxxxx
245 0 0 _aManual de diabetes joslin :
_bpreparado por Médicos de la Joslin Clinic Division /
_cLeo P Krall; Joslin Diabetes Foundation. Joslin Clinic Division.
246 1 0 _aJoslin diabetes manual
260 _aMéxico :
_bCompañia Editorial Continental,
_c1980.
300 _a339 p. :
_bil. ;
_c23 cm.
700 1 2 _aKrall, Leo P.
_eed.
_973720
999 _c45146
_d45146